| 000 | 00397nam a22001577a 4500 | ||
|---|---|---|---|
| 005 | 20170925153724.0 | ||
| 008 | 170925b xxu||||| |||| 00| 0 eng d | ||
| 020 | _a978--81-224-1606-0 | ||
| 041 | _aeng | ||
| 082 | _a660 | ||
| 100 |
_aSingh,S.K _93983 |
||
| 245 | _aFundamentals Engineering Chemistry Theory & Practice | ||
| 260 |
_aNew Delhi _bNew Age Publishers |
||
| 300 | _a374 | ||
| 942 | _cBK | ||
| 999 |
_c5616 _d5614 |
||